000 00302nam a2200133Ia 4500
008 231129s1920||||xx |||||||||||||| ||spa||
040 _bspa
082 _a923.2 H675m
100 _aHitler Adolfo
245 0 _aMi lucha
260 _c1920
264 _a[s.l.] : Ediciones modernas
942 _2ddc
_cBKS
999 _c21116
_d21116